|
|
|
|
| LEADER |
01013cam a2200277 7i4500 |
| 001 |
0000031789 |
| 005 |
20191024090000.0 |
| 008 |
100120 eng |
| 020 |
|
|
|a 9780415383295 (hbk.)
|
| 020 |
|
|
|a 0415383293 (hbk.)
|
| 040 |
|
|
|a UiTM
|
| 090 |
0 |
0 |
|a TF250
|b .I53 2005
|
| 100 |
1 |
|
|a Indraratna, Buddhima
|
| 245 |
1 |
0 |
|a Mechanics of ballasted rail tracks :
|b a geotechnical perspective
|c Buddhima Indraratna, Wadud Salim.
|
| 260 |
|
|
|a London:
|b Taylor & Francis,
|c 2005.
|
| 300 |
|
|
|a xv, 226 p.:
|b ill.;
|c 25 cm.
|
| 490 |
0 |
|
|a Balkema - proceedings and monographs in engineering, water and earth sciences
|
| 500 |
|
|
|a Includes index
|
| 650 |
0 |
0 |
|a Geosynthetics
|
| 650 |
0 |
0 |
|a Railroads --
|x Track --
|x Foundations
|
| 650 |
0 |
0 |
|a Soil amendments
|
| 650 |
0 |
0 |
|a Ballast (Railroads)
|
| 700 |
1 |
|
|a Salim, Wadud
|
| 997 |
|
|
|a Engineering & Life Sciences, Faculty
|b Engineering, Department
|
| 998 |
|
|
|a Civil Engineering, Degree
|
| 999 |
|
|
|a 0000035299
|b BOK
|c OPEN SHELF
|e 2nd Floor, Bestari Jaya
|